Dalit Women Speak Out: (Record no. 228896)
[ view plain ]
| 000 -LEADER | |
|---|---|
| fixed length control field | 03169nam a22003137a 4500 |
| 005 - DATE AND TIME OF LATEST TRANSACTION | |
| control field | 20230926172147.0 |
| 008 - FIXED-LENGTH DATA ELEMENTS--GENERAL INFORMATION | |
| fixed length control field | 230926b ||||| |||| 00| 0 eng d |
| 020 ## - INTERNATIONAL STANDARD BOOK NUMBER | |
| International Standard Book Number | 9789383074761 |
| 040 ## - CATALOGING SOURCE | |
| Transcribing agency | AL |
| 041 ## - LANGUAGE CODE | |
| Language code of text/sound track or separate title | eng |
| 082 ## - DEWEY DECIMAL CLASSIFICATION NUMBER | |
| Edition number | 23 |
| Classification number | 362.8 |
| Item number | IRUD |
| 100 ## - MAIN ENTRY--PERSONAL NAME | |
| Personal name | Aloysius Irudayam and others |
| 100 ## - MAIN ENTRY--PERSONAL NAME | |
| 9 (RLIN) | 135259 |
| 245 ## - TITLE STATEMENT | |
| Title | Dalit Women Speak Out: |
| Remainder of title | Caste Class and Gender Violence in India |
| 260 ## - PUBLICATION, DISTRIBUTION, ETC. | |
| Place of publication, distribution, etc. | New Delhi |
| Name of publisher, distributor, etc. | Zubaan |
| Date of publication, distribution, etc. | 2014 |
| 300 ## - PHYSICAL DESCRIPTION | |
| Extent | xx,445p. |
| Other physical details | PB |
| Dimensions | 21x14cm. |
| 365 ## - TRADE PRICE | |
| Source of price type code | Journalism |
| Price type code | 4768 |
| Price amount | 4230.00 |
| Currency code | ₹ |
| Unit of pricing | 4700.00 |
| Price note | 20% |
| Price effective from | 23-09-2023 |
| 520 ## - SUMMARY, ETC. | |
| Summary, etc. | The right to equality regardless of gender or caste is fundamental in India. Yet even the Indian government has acknowledged that the institutional forces arrayed against this right are powerful - and, what's more, that they shape people's mindsets in a way that encourages them to accept pervasive gender and caste inequality. This is nowhere more apparent than within the cast-segregated localities where Dalit women live. This volume presents an analytical overview of the complexities of the systemic violence that Dalit women face, through analysis of five hundred narratives by Dalit women from four states. The book joins analysis to excerpts of these narratives, which are then used to illustrate wider trends and patterns, with the goal of bringing attention, and understanding, to the plight of these women.<br/>This study presents an analytical overview of the complexities of systemic violence that Dalit women face through analysis of 500 Dalit women's narratives across four states. Excerpts of these narratives are utilized to illustrate the wider trends and patterns of different manifestations of violence against Dalit women.<br/>About the Author:<br/>Aloysius Irudayam S. J. is program director of the Research, Advocacy, and Human Rights Education Department at the Institute of Development Education, Action and Studies in Tamil Nadu. Jayshree P. Mangubhai is currently a senior program officer with Christian Aid in India. Joel G. Lee was a researcher at the Indian Institute of Dalit Studies and is now a graduate student at Columbia University<br/><br/><br/> |
| 521 ## - TARGET AUDIENCE NOTE | |
| Target audience note | TABLE OF CONTENTS<br/> Acknowledgements Abbreviations A Note from the Authors Introduction 1. Conceptual Framework 2. Profile of Dalit Women 3. The Social Context 4. Forms and Frequency of Violence: An Overview 5. Verbal Abuse 6. Physical Assault 7. Sexual Violence 8. Kidnapping, Abduction and Forced Incarceration 9. Medical Negligence 10. Female Foeticide and Infanticide, Child Abuse and Domestic Violence 11. Causal Factors for Violence 12. Dalit Women’s Courage and Resilience 13. Effects of Violence on Dalit Women 14. Responses to Violence against Dalit Women 15. Concluding Observations Bibliography Glossary |
| 650 ## - SUBJECT ADDED ENTRY--TOPICAL TERM | |
| Topical term or geographic name entry element | Verbal Abuse |
| 9 (RLIN) | 135141 |
| 650 ## - SUBJECT ADDED ENTRY--TOPICAL TERM | |
| Topical term or geographic name entry element | Dalit Women Violence against India |
| 9 (RLIN) | 135255 |
| 650 ## - SUBJECT ADDED ENTRY--TOPICAL TERM | |
| Topical term or geographic name entry element | Women's Studies |
| 9 (RLIN) | 135253 |
| 650 ## - SUBJECT ADDED ENTRY--TOPICAL TERM | |
| Topical term or geographic name entry element | Physical Assault |
| 9 (RLIN) | 135142 |
| 650 ## - SUBJECT ADDED ENTRY--TOPICAL TERM | |
| Topical term or geographic name entry element | Sexual Violence againt Dalit women |
| 9 (RLIN) | 135144 |
| 650 ## - SUBJECT ADDED ENTRY--TOPICAL TERM | |
| Topical term or geographic name entry element | Social Welfare |
| 9 (RLIN) | 135258 |
| 700 ## - ADDED ENTRY--PERSONAL NAME | |
| Personal name | IRUDAYAM (Aloysius) |
| 9 (RLIN) | 135145 |
| 700 ## - ADDED ENTRY--PERSONAL NAME | |
| Personal name | MANGUBHAI (Jayshree P) |
| 9 (RLIN) | 135146 |
| 700 ## - ADDED ENTRY--PERSONAL NAME | |
| Personal name | LEE (Joel G) |
| 9 (RLIN) | 135147 |
| 942 ## - ADDED ENTRY ELEMENTS (KOHA) | |
| Source of classification or shelving scheme | Dewey Decimal Classification |
| Koha item type | Book |
| Withdrawn status | Lost status | Source of classification or shelving scheme | Damaged status | Not for loan | Collection code | Home library | Current library | Date acquired | Source of acquisition | Cost, normal purchase price | Total Checkouts | Total Renewals | Full call number | Barcode | Date last seen | Date last checked out | Cost, replacement price | Price effective from | Koha item type |
|---|---|---|---|---|---|---|---|---|---|---|---|---|---|---|---|---|---|---|---|
| Dewey Decimal Classification | Journalism | St Aloysius Library | St Aloysius Library | 09/26/2023 | Biblios Book Point Surathkal Mangalore 575014 | 4230.00 | 8 | 2 | 362.8 IRUD | 076827 | 03/13/2026 | 03/04/2026 | 4700.00 | 09/26/2023 | Book |